Historia y método de la psicología experimental

Sparad:
Bibliografiska uppgifter
Huvudupphovsmän: Fraisse, Paul (Författare, medförfattare), Piaget, Jean (Författare, medförfattare)
Materialtyp: Bok
Språk:spanska
Publicerad: Barcelona Paidós Ibérica 1982
Serie:Tratado de Psicología Experimental, 1
Ämnen:
Taggar: Lägg till en tagg
Inga taggar, Lägg till första taggen!

MARC

LEADER 00000nam a2200000 a 4500
001 UCK3046
003 CL-VaPUC
008 050408e19820000SP |||||||||||||||||spa|d
020 |a 8475091970 
082 0 4 |a 150.287  |b FRA  |2 21 
100 0 |a Fraisse, Paul  |e author  |9 491079 
700 0 |a Piaget, Jean  |e author  |9 308149 
245 1 0 |a Historia y método de la psicología experimental 
300 |a 247 p 
942 |c BK 
945 |d 20050408 00:00:00  |a cmena 
260 |a Barcelona  |b Paidós Ibérica  |c 1982 
650 7 |a PSICOLOGIA EXPERIMENTAL  |2 CL-VaPUC  |9 309015 
650 7 |a INVESTIGACION PSICOLOGICA  |2 CL-VaPUC  |9 309030 
650 0 |a Métodos de investigación   |9 262618 
583 |a last modification  |c 20050408 00:00:00  |k Rodrigo Vera 
490 0 |a Tratado de Psicología Experimental, 1 
999 |c 312384  |d 312382 
952 |0 0  |1 0  |4 0  |6 150_287000000000000_FRA_1982  |7 0  |8 P  |9 382698  |a BIBEDU  |b BIBEDU  |c BIBEDU_PB  |d 2019-11-21  |i 4108736  |o 150.287 FRA 1982  |p 4108736  |r 2024-01-25  |w 2019-11-21  |y BK  |k PSI